000 00482pab a2200181 454500
008 180718b2015 xxu||||| |||| 00| 0 eng d
100 _aTerngu, Iorliam
245 _aEconomic impact of climate change on cereals in Nigeria
260 _c2015
300 _ap.571-582.
362 _aApr
650 _aClimatic change - Nigeria
650 _aClimatic change
700 _aNweze, Noble J.
700 _aArene, C.J.
773 _aIndian Journal of Economics
909 _a108158
999 _c108153
_d108153